| 000 | 01125 a2200205 4500 | ||
|---|---|---|---|
| 020 | _a019579396X | ||
| 020 | _a9780195793963 | ||
| 082 | 0 | 4 | _a954.9104 |
| 090 |
_c2204 _d2204 |
||
| 100 | 1 | _aArif, General K. M. | |
| 245 | 1 | 0 |
_aKhaki shadows : _bpakistan 1947-1997 / _cGeneral K. M. Arif. |
| 250 | _a1st ed. | ||
| 260 |
_a[S.l.] : _bOxford University Press, USA, _c2001. |
||
| 300 |
_a452 p. ; _c22 cm. |
||
| 500 | _aHardcover. | ||
| 520 | _aThis book describes the powerful role of the army in the politics of Pakistan from its earliest years through the late 1990s and analyzes how political and military forces both created and undermined national prestige. Written by a regired general who held important positions in two different martial law administrations, it provides an insider's account of the intrigues, manipulations, and power struggles that engulfed Pakistan for much its history. | ||
| 856 | 4 | 0 |
_3Amazon.com _uhttp://www.amazon.com/exec/obidos/ASIN/019579396X/chopaconline-20 |
| 856 | 4 | 0 |
_3Amazon customer reviews _uhttp://www.chopac.org/cgi-bin/tools/azrev.pl?q=019579396X |
| 942 |
_aNBS _cBK _k954.9104 ARI |
||
| 999 |
_c344706 _d344706 |
||